| 000 | 00494nam a22001817a 4500 | ||
|---|---|---|---|
| 005 | 20230310081935.0 | ||
| 008 | 230310b |||||||| |||| 00| 0 eng d | ||
| 020 | _a0-373-28955-3 | ||
| 082 | _aFic. Sch371 1997 | ||
| 100 |
_aSchonberg, Susan _eauthor |
||
| 245 |
_athe phoenix of love / _cSusan Schonberg |
||
| 260 |
_aToronto: _bHarlequin Books, _cc1997 |
||
| 300 | _a345p. | ||
| 541 | _e5317 | ||
| 650 | _aLove stories | ||
| 650 | _aMarriage - Fiction | ||
| 650 | _aArrange marriage - Fiction | ||
| 999 |
_c1715 _d1715 |
||